000 00172nam a2200085 4500
082 _a621.381STE
100 _aStewart, Henry
245 _aEngineering Electronics
942 _cBK
999 _c12882
_d12882